| Tag |
First Indicator |
Second Indicator |
Subfields |
| LEADER |
00000nam a2200000 4500 |
| 001 |
in00004322708 |
| 005 |
20200812081059.0 |
| 006 |
m g d |
| 007 |
cr bn |||a|bb| |
| 008 |
951026s1698 enk o 00| | eng d |
| 035 |
|
|
|a (UnM)99831785
|
| 037 |
|
|
|a CL0037000085
|b ProQuest Information and Learning. 300 N. Zeeb Rd., Ann Arbor, MI 48106
|
| 040 |
|
|
|a Cu-RivES
|c Cu-RivES
|d CStRLIN
|e dcrb
|d WaOLN
|
| 100 |
1 |
|
|a Kirkwood, James,
|d fl. 1698.
|
| 245 |
0 |
0 |
|a Mr. Kirkwood's plea before the Kirk, and civil judicatures of Scotland :
|b Divided into five parts.
|
| 246 |
2 |
|
|a Plea before the Kirk, and civil judicatures of Scotland
|
| 246 |
2 |
|
|a Mr. Kirkwood's plea, with the Kirk session and presbytery of Kelso
|
| 260 |
|
|
|a London :
|b printed by D.E. for the author,
|c 1698.
|
| 300 |
|
|
|a 1 online resource ([4], 144 pages)
|
| 336 |
|
|
|a text
|b txt
|2 rdacontent
|
| 337 |
|
|
|a computer
|b c
|2 rdamedia
|
| 338 |
|
|
|a online resource
|b cr
|2 rdacarrier
|
| 500 |
|
|
|a Caption title on pages 1 reads: Mr. Kirkwood's plea, with the Kirk session and presbytery of Kelso.
|
| 500 |
|
|
|a Print faded and show-through.
|
| 500 |
|
|
|a Reproduction of the original in the Magdalen College Library, Oxford.
|
| 510 |
4 |
|
|a Wing (2nd edition)
|c K649
|
| 533 |
|
|
|a Electronic reproduction.
|b Ann Arbor, Mich. :
|c UMI,
|d 1999-
|f (Early English books online)
|n Digital version of: (Early English books, 1641-1700 ; 2127:7)
|7 s1999 miun s
|
| 610 |
2 |
0 |
|a Church of Scotland
|v Early works to 1800.
|
| 830 |
|
0 |
|a Early English books online.
|
| 856 |
4 |
0 |
|u http://proxy.library.tamu.edu/login?url=https://search.proquest.com/docview/2248496775
|z Connect to the full text of this electronic book
|t 0
|
| 999 |
f |
f |
|s 74dcd561-ac22-361c-bbab-ae9a72739e55
|i fb94d845-8ce2-33fa-91ed-09a92c98a3a8
|t 0
|
| 952 |
f |
f |
|a Texas A&M University
|b College Station
|c Electronic Resources
|d Available Online
|t 0
|h No information provided
|
| 998 |
f |
f |
|t 0
|l Available Online
|